000 00358nam a2200145Ia 4500
008 210210b1977 xxu||||| |||| 00| 0 eng d
082 _a346.066 BULC
100 _aBULCHANDANI (K R).
245 _aCompany law.
260 _aBombay
_bJeevandeep prakashan
_c1977
300 _axxiv,317
650 _aCompany law
690 _aCompany Law
906 _aSG01766
999 _c113010
_d113010